000 00453nam a2200181Ia 4500
001 25045
005 20260414151124.0
008 260414t2010||||xx |||||||||||||| ||spa||
041 _aESP
082 _a346.13
_bC95
100 _aCuenca, Ricardo
_eAUT
245 0 _aCiudadanía de papel :
_bla niñez indocumentada en el Perú
260 _c2010
300 _a134 páginas :
_c20 cm.
650 _aDER
654 _aCDE
942 _cLIB
_dJUS
_fJUS
_2ddc
_n
999 _c25045
_d25045